| 000 | 00782cam a2200265 a 4500 | ||
|---|---|---|---|
| 001 | 138598 | ||
| 003 | OSt | ||
| 005 | 20180921 | ||
| 008 | 000000 0000000000 00 | ||
| 100 | _aRuano, Nazario | ||
| 245 |
_aLo que cabe en un verso / _cLo que cabe en un verso / |
||
| 260 |
_aSanto Domingo : _bInstituto Dominicano de Cultura Hipánica |
||
| 300 | _a131p. | ||
| 505 | _aIncluye índice | ||
| 650 | _aJUAN DE LA CRUZ, SANTO, 1542-1591 - CRITICA E INTERPRETACION | ||
| 700 |
_aI. Fernández Spencer, A, _apresent |
||
| 040 |
_aDLC _cDLC |
||
| 942 |
_2ddc _cBK |
||
| 999 |
_c138598 _d13859800 |
||